000 01622cam a2200385 a 4500
999 _c41417
_d41417
001 15322420
003 OSt
005 20220106132022.0
008 080609s2008 maua b 001 0 eng c
010 _a 2008297931
020 _a9781418067335
020 _a1418067334
035 _a(OCoLC)ocn144223914
040 _aBTCTA
_cBTCTA
_dBAKER
_dYDXCP
_dWAU
_dDLC
042 _apcc
050 0 0 _aHV8079.C65
_bG85 2008
082 _a005.8
_bNEL/G
245 0 0 _aGuide to computer forensics and investigations /
_cby Bill Nelson ... [et al.].
246 3 0 _aComputer forensics and investigations
250 _a3rd ed.
260 _aBoston, Mass. :
_bThomson Course Technology,
_cc2008.
300 _axxvi, 682 p. :
_bill. ;
_c24 cm. +
500 _aAccompanying DVD contains project files and software tools.
504 _aIncludes bibliographical references (p. 619-624) and index.
538 _aSystem requirements for accompanying disc: PC or Macintosh; DVD-ROM drive.
650 0 _aComputer crimes
_xInvestigation.
650 0 _aComputer security.
700 1 _aNelson, Bill
_98980
856 4 1 _3Table of contents only
_uhttp://www.loc.gov/catdir/toc/fy0805/2008297931.html
856 4 2 _3Contributor biographical information
_uhttp://www.loc.gov/catdir/enhancements/fy1318/2008297931-b.html
856 4 2 _3Publisher description
_uhttp://www.loc.gov/catdir/enhancements/fy1318/2008297931-d.html
906 _a7
_bcbc
_cpccadap
_d2
_encip
_f20
_gy-gencatlg
942 _2ddc
_cBK
_h005.8
_iNEL/G
_k005.8
_mNEL/G